Về tính dân tộc trong âm nhạc Việt Nam

محفوظ في:
التفاصيل البيبلوغرافية
المؤلف الرئيسي: Hà Huy Giáp
التنسيق: كتاب
اللغة:Undetermined
منشور في: Hà Nội Văn hóa 1976
الموضوعات:
الوسوم: إضافة وسم
لا توجد وسوم, كن أول من يضع وسما على هذه التسجيلة!
Thư viện lưu trữ: Trung tâm Học liệu Trường Đại học Cần Thơ
LEADER 00507nam a2200181Ia 4500
001 CTU_9727
008 210402s9999 xx 000 0 und d
082 |a 780.9597 
082 |b V250 
100 |a Hà Huy Giáp 
245 0 |a Về tính dân tộc trong âm nhạc Việt Nam 
245 0 |c Hà Huy Giáp 
260 |a Hà Nội 
260 |b Văn hóa 
260 |c 1976 
650 |a music - vietnam 
904 |i Minh, 961001 
980 |a Trung tâm Học liệu Trường Đại học Cần Thơ